Cómo elaborar proyectos : (Registro nro. 6768)
[ vista simple ]
| 000 -CABECERA | |
|---|---|
| campo de control de longitud fija | 01412nam a2200301Ia 4500 |
| 008 - CÓDIGOS DE INFORMACIÓN DE LONGITUD FIJA | |
| fixed length control field | 130821s1995 ck gr spa |
| 020 ## - NÚMERO INTERNACIONAL NORMALIZADO PARA LIBROS | |
| ISBN | 9582000244 |
| 040 ## - Fuente de catalogación | |
| Agencia original de catalogación | Co-BoUCM |
| Agencia de transcripción | CO-JMCR |
| 041 00 - CÓDIGO DE LENGUA | |
| Código idioma | spa |
| 082 04 - NÚMERO DE LA CLASIFICACIÓN DECIMAL DEWEY | |
| Número de clasificación Decimal | 371.207 / |
| Número de documento (Cutter) | C413c |
| Edition number | 20 |
| 100 1# - PUNTO DE ACCESO PRINCIPAL-NOMBRE DE PERSONA | |
| Nombre personal | Cerda Gutierrez, Hugo |
| Término de función/relación | autor |
| 9 (RLIN) | 7896 |
| 245 10 - TÍTULO PROPIAMENTE DICHO | |
| Título | Cómo elaborar proyectos : |
| Parte restante del título | diseño, ejecución y evaluación de proyectos sociales y educativos / |
| Mención de responsabilidad, etc. | Hugo Cerda Gutierrez |
| 250 ## - DECLARACIÓN DE EDICIÓN | |
| Declaración de edición | 3a. edición |
| 260 ## - PUBLICACIÓN, DISTRIBUCIÓN, ETC. (PIE DE IMPRENTA) | |
| Lugar de publicación, distribución, etc. | Bogotá : |
| Nombre del editor, distribuidor, etc. | Magisterio, |
| Fecha de publicación, distribución, etc. | 1995. |
| 300 ## - DESCRIPCIÓN FÍSICA | |
| Extensión | 118 páginas |
| Dimensiones | 21 cm. |
| 490 0# - DECLARACIÓN DE SERIE | |
| Volumen | 16 |
| 500 ## - NOTA GENERAL | |
| Nota general | Incluye índice y bibliografía |
| 505 0# - NOTA DE CONTENIDO FORMATADO | |
| Nota de contenido formateada | Denominación o título -- Caracterización del proyecto -- El régimen operacional -- Instrumentos, métodos, técnicas y modalidades -- Cronología del proyecto -- ¿Cómo administrar el proyecto? -- Los indicadores de evaluación |
| 520 0# - RESUMEN, ETC. | |
| Resumen,etc. | Ante la necesidad de que los docentes indaguen, investiguen y participen de un debate constructivo sobre los temas inmediatos y trascendentes que la educación colombiana. |
| 650 14 - TÉRMINO DE MATERIA | |
| 9 (RLIN) | 13779 |
| 650 24 - TÉRMINO DE MATERIA | |
| 9 (RLIN) | 15321 |
| 650 24 - TÉRMINO DE MATERIA | |
| 9 (RLIN) | 17968 |
| 650 24 - TÉRMINO DE MATERIA | |
| 9 (RLIN) | 21658 |
| 650 24 - TÉRMINO DE MATERIA | |
| 9 (RLIN) | 22711 |
| 650 24 - TÉRMINO DE MATERIA | |
| 9 (RLIN) | 25273 |
| Withdrawn status | Lost status | Source of classification or shelving scheme | Damaged status | Not for loan | Home library | Current library | Shelving location | Date acquired | Source of acquisition | Total Checkouts | Full call number | Barcode | Date last seen | Copy number | Price effective from | Koha item type |
|---|---|---|---|---|---|---|---|---|---|---|---|---|---|---|---|---|
| Dewey Decimal Classification | Biblioteca Pública José María del Castillo y Rada | Biblioteca Pública José María del Castillo y Rada | General Stacks | 04/15/2018 | Donación | 371.207 / C413c | 201809945 | 05/16/2024 | Ej.1 | 07/27/2020 | Books |